00373nam a2200145Ia 4500008004100000020001500041041000800056082001600064100002000080245004800100250000600148260004000154300001000194650002300204210716s2000 xx 000 0 und d a8173713529 aeng a374.22 FOND aFontana, David. aProblems in practice social skills at work. a1 aHyderabadbUniversities Pressc2000 axi,89 aGeneral Management